Statistics for Name the CS:GO Team by their Logo

Click here to take the quiz!

General Stats

  • This quiz has been taken 73 times
  • The average score is 12 of 16

Answer Stats

Answer% Correct
FaZe
100%
Cloud9
97%
G2
97%
NAVI
93%
Fnatic
91%
Team Liquid
90%
Vitality
89%
NiP
81%
Mouz
74%
Furia
73%
Heroic
70%
Ence
69%
Sprout
60%
Team Spirit
53%
Bad News Eagles
50%
Forze
33%

Score Distribution

Percentile by Number Answered

Percent of People with Each Score

Your Score History

You have not taken this quiz